| 000 | 02812cam a2200589 i 4500 | ||
|---|---|---|---|
| 999 |
_c6021 _d6021 |
||
| 001 | 19977573 | ||
| 003 | OSt | ||
| 005 | 20260127092958.0 | ||
| 008 | 170906t20182018nyu c 000 f eng d | ||
| 010 | _a 2017954128 | ||
| 020 | _a9780702314865 | ||
| 035 | _a19977573 | ||
| 035 | _a(OCoLC)1044745947 | ||
| 040 |
_aFMG _beng _cFMG _erda _dFMG _dJAO _dUAP _dPCX _dUAB _dJTH _dVP@ _dKVIJL _dEHH _dIGA _dOCLCF _dUIU _dM3C _dOCLCQ _dOCLCO _dTXMBL _dMLM _dCGP _dOCLCO _dJO9 _dZPX _dJRL _dPLS _dOCLCO _dLKC _dOCLCO _dLMJ _dTL4 _dOCLCO _dAZZPT _dOCLCO _dXOL _dDLC _dKH8 |
||
| 042 | _alccopycat | ||
| 043 | _an-us-ny | ||
| 082 | _aFIC WHI | ||
| 100 | 1 |
_aWhite, J. A., _eauthor. |
|
| 245 | 1 | 0 |
_aNightbooks / _cJ.A. White. |
| 246 | 3 | _aNight books | |
| 250 | _aFirst edition. | ||
| 264 | 1 |
_aNew York, NY : _bKatherine Tegen Books, an imprint of HarperCollinsPublishers, _c[2018] |
|
| 264 | 4 | _c©2018 | |
| 300 |
_a294 pages ; _c22 cm |
||
| 336 |
_atext _btxt _2rdacontent |
||
| 337 |
_aunmediated _bn _2rdamedia |
||
| 338 |
_avolume _bnc _2rdacarrier |
||
| 520 | _aAlex's original hair-raising tales are the only thing keeping the witch Natacha happy, but soon he'll run out of pages to read from and be trapped forever. He's loved scary stories his whole life, and he knows most don't have a happily ever after. Now that Alex is trapped in a true terrifying tale, he's desperate for a different ending--and a way out of this twisted place. This modern spin on the Scheherazade story is perfect for fans of Coraline and A Tale Dark and Grimm. With interwoven tips on writing with suspense, adding in plot twists, hooks, interior logic, and dealing with writer's block, this is the ideal book for budding writers and all readers of delightfully just-dark-enough tales. | ||
| 521 | 1 | _aAges 8-12. | |
| 650 | 0 |
_aStorytelling _vJuvenile fiction. |
|
| 650 | 0 |
_aWitches _vJuvenile fiction. |
|
| 650 | 1 |
_aStorytelling _vFiction. |
|
| 650 | 1 |
_aWitches _vFiction. |
|
| 650 | 7 |
_aJUVENILE FICTION _xBedtime & Dreams. _2bisacsh |
|
| 650 | 7 |
_aJUVENILE FICTION _xBooks & Libraries. _2bisacsh |
|
| 650 | 7 |
_aJUVENILE FICTION _xHorror. _2bisacsh |
|
| 650 | 7 |
_aStorytelling. _2fast _0(OCoLC)fst01134169 |
|
| 650 | 7 |
_aWitches. _2fast _0(OCoLC)fst01176346 |
|
| 650 | 7 |
_aWitches _vFiction. _2sears |
|
| 650 | 7 |
_aStorytelling _vFiction. _2sears |
|
| 651 | 0 |
_aNew York (N.Y.) _vJuvenile fiction. |
|
| 651 | 1 |
_aNew York (N.Y.) _vFiction. |
|
| 651 | 7 |
_aNew York (State) _zNew York. _2fast _0(OCoLC)fst01204333 |
|
| 651 | 7 |
_aNew York (N.Y.) _vFiction. _2sears |
|
| 655 | 7 |
_aFantasy fiction. _2lcgft |
|
| 655 | 7 |
_aNovels. _2lcgft |
|
| 655 | 7 |
_aFantasy fiction. _2fast _0(OCoLC)fst01726607 |
|
| 655 | 7 |
_aFiction. _2fast _0(OCoLC)fst01423787 |
|
| 655 | 7 |
_aJuvenile works. _2fast _0(OCoLC)fst01411637 |
|
| 655 | 7 |
_aNovels. _2fast _0(OCoLC)fst01921742 |
|
| 942 |
_2ddc _cFIC |
||